[Event "CYCC U12 w"]
[Site "Richmond Hill CAN"]
[Date "2011.07.08"]
[Round "7"]
[White "Giblon, Melissa"]
[Black "Peng, Janet"]
[Result "1-0"]
[WhiteElo "1391"]
[BlackElo "1183"]
[PlyCount "67"]
[GameId "2160767909703955"]
[EventDate "2011.07.06"]
[EventType "swiss"]
[EventRounds "7"]
[EventCountry "CAN"]
[SourceTitle "EXT 2022"]
[Source "ChessBase"]
[SourceDate "2021.10.06"]
[SourceVersion "1"]
[SourceVersionDate "2021.10.06"]
[SourceQuality "1"]

1. c4 e6 2. g3 d5 3. Bg2 Nf6 4. Nf3 c5 5. O-O Bd6 6. d4 O-O 7. Nc3 Nc6 8. cxd5 exd5 9. Bg5 Be7 10. dxc5 d4 11. Bxf6 Bxf6 12. Ne4 Re8 13. Nxf6+ Qxf6 14. b3 Bg4 15. Rc1 Rad8 16. h3 Bf5 17. Re1 h6 18. Qd2 Ne5 19. Nxe5 Rxe5 20. Kh2 Be4 21. Bxe4 Rxe4 22. f3 Re5 23. b4 Red5 24. Rf1 Rf5 25. Qd1 Qe5 26. e4 Rf6 27. Qd3 h5 28. h4 g5 29. hxg5 Qxg5 30. Rg1 h4 31. gxh4 Qxg1+ 32. Rxg1+ Kh8 33. Qd2 Re6 34. Qg5 1-0

[Event "CYCC U14"]
[Site "Richmond Hill CAN"]
[Date "2011.07.06"]
[Round "1"]
[White "Lin, Tony (Juntao)"]
[Black "Zhang, David"]
[Result "0-1"]
[WhiteElo "2028"]
[BlackElo "1598"]
[PlyCount "94"]
[GameId "2160767909703957"]
[EventDate "2011.07.06"]
[EventType "swiss"]
[EventRounds "7"]
[EventCountry "CAN"]

1. d4 d5 2. Nf3 Nf6 3. Bg5 Bg4 4. Nbd2 e6 5. e3 c5 6. c3 h6 7. Bh4 Nc6 8. Be2 Bd6 9. O-O O-O 10. Rc1 c4 11. Re1 Bf5 12. Bf1 Be7 13. Bxf6 Bxf6 14. e4 Bh7 15. b3 b5 16. bxc4 bxc4 17. Qa4 Qc7 18. Rb1 Rab8 19. Rxb8 Rxb8 20. g3 Rc8 21. exd5 exd5 22. Bh3 Rd8 23. Nf1 g5 24. Ne3 Ne7 25. Nd2 Kf8 26. Bg2 Bh8 27. Qa3 Kg7 28. Nexc4 Nc8 29. Ne3 Nb6 30. Qb3 Qd7 31. Nf3 Kg8 32. Nd2 f5 33. Qa3 f4 34. Nef1 Bf6 35. Nb3 Nc4 36. Qa6 Qf5 37. Qe6+ Kf8 38. Qxf5 Bxf5 39. Nc5 Kf7 40. h3 Be7 41. Nb3 Ba3 42. Nfd2 Bb2 43. Bxd5+ Rxd5 44. Nxc4 Bxc3 45. g4 Bxe1 46. Ne5+ Rxe5 47. dxe5 Be6 0-1

[Event "CYCC U14"]
[Site "Richmond Hill CAN"]
[Date "2011.07.06"]
[Round "1"]
[White "Robichaud, Nicolas"]
[Black "Huang, Jayson"]
[Result "0-1"]
[WhiteElo "1411"]
[BlackElo "1812"]
[PlyCount "92"]
[GameId "2160767909703958"]
[EventDate "2011.07.06"]
[EventType "swiss"]
[EventRounds "7"]
[EventCountry "CAN"]
[SourceTitle "EXT 2022"]
[Source "ChessBase"]
[SourceDate "2021.10.06"]
[SourceVersion "1"]
[SourceVersionDate "2021.10.06"]
[SourceQuality "1"]

1. e4 e5 2. Nf3 Nc6 3. Bb5 a6 4. Ba4 Nf6 5. O-O Be7 6. Re1 b5 7. Bb3 d6 8. h3 O-O 9. d4 exd4 10. Nxd4 Nxd4 11. Qxd4 c5 12. Qc3 c4 13. Bxc4 bxc4 14. Qxc4 Be6 15. Qd3 d5 16. e5 Ne4 17. c4 Nc5 18. Qg3 Kh8 19. cxd5 Qxd5 20. Nc3 Qb7 21. b3 Rfd8 22. Bg5 h6 23. Bxe7 Qxe7 24. Qf3 Rac8 25. Rad1 Rxd1 26. Rxd1 Rd8 27. Rxd8+ Qxd8 28. Qe3 Qc7 29. Ne4 Nxe4 30. Qxe4 g5 31. Kh1 Qc1+ 32. Kh2 Qf4+ 33. Qxf4 gxf4 34. g4 fxg3+ 35. Kxg3 Kg7 36. h4 Kg6 37. Kf4 Bd5 38. Kg4 h5+ 39. Kf4 f6 40. exf6 Kxf6 41. Kg3 Kf5 42. f3 Ke5 43. Kh3 Kf4 44. b4 Bxa2 45. b5 axb5 46. Kh2 Kxf3 0-1

[Event "CYCC U14"]
[Site "Richmond Hill CAN"]
[Date "2011.07.06"]
[Round "1"]
[White "Thanabalachandran, Kajan"]
[Black "Fu, James"]
[Result "0-1"]
[WhiteElo "1509"]
[BlackElo "2028"]
[PlyCount "118"]
[GameId "2160767909703959"]
[EventDate "2011.07.06"]
[EventType "swiss"]
[EventRounds "7"]
[EventCountry "CAN"]
[SourceTitle "EXT 2022"]
[Source "ChessBase"]
[SourceDate "2021.10.06"]
[SourceVersion "1"]
[SourceVersionDate "2021.10.06"]
[SourceQuality "1"]

1. e4 Nc6 2. d4 e5 3. d5 Nce7 4. Nf3 Ng6 5. Be3 Nf6 6. Nbd2 Bb4 7. c3 Be7 8. h3 d6 9. Be2 O-O 10. O-O h6 11. Re1 a6 12. Qc2 Bd7 13. Rac1 Rc8 14. Qb3 b5 15. c4 Qe8 16. cxb5 axb5 17. Rc2 Nh7 18. Rec1 Bd8 19. Bb6 Nf4 20. Bf1 f5 21. Bxc7 Qg6 22. Bxd8 Rcxd8 23. exf5 Bxf5 24. Nh4 Bxc2 25. Nxg6 Bxb3 26. Nxf8 Bxd5 27. Nxh7 Kxh7 28. g3 Ne6 29. Bxb5 Bxa2 30. b3 Nd4 31. Bc4 d5 32. Bd3+ e4 33. Bf1 Bxb3 34. Nxb3 Nxb3 35. Rd1 Kg6 36. Bc4 Nc5 37. Bxd5 Kf6 38. Kf1 Rd6 39. Bb3 Rb6 40. Bc2 Rb2 41. Bb1 Nb3 42. Ke1 Ke5 43. f3 exf3 44. Bd3 Rh2 45. Bf1 Nd4 46. Rd2 Nc2+ 47. Kd1 Ne3+ 48. Ke1 Rxd2 49. Kxd2 Nxf1+ 50. Ke1 Nxg3 51. Kf2 Kf4 52. h4 Ne4+ 53. Kf1 Ke3 54. h5 Ng3+ 55. Kg1 f2+ 56. Kg2 f1=Q+ 57. Kxg3 Qg1+ 58. Kh4 Kf4 59. Kh3 Qg3# 0-1

[Event "CYCC U14"]
[Site "Richmond Hill CAN"]
[Date "2011.07.06"]
[Round "1"]
[White "Tismenko, Dennis"]
[Black "Posaratnanathan, Juliaan"]
[Result "1/2-1/2"]
[WhiteElo "1495"]
[BlackElo "1915"]
[PlyCount "99"]
[GameId "2160767909703960"]
[EventDate "2011.07.06"]
[EventType "swiss"]
[EventRounds "7"]
[EventCountry "CAN"]
[SourceTitle "EXT 2022"]
[Source "ChessBase"]
[SourceDate "2021.10.06"]
[SourceVersion "1"]
[SourceVersionDate "2021.10.06"]
[SourceQuality "1"]

1. e4 c5 2. Nf3 Nc6 3. d4 cxd4 4. Nxd4 Nf6 5. Nc3 d6 6. f3 a6 7. Bc4 e6 8. Bb3 Be7 9. Be3 Bd7 10. Qd2 b5 11. a3 Rc8 12. O-O-O Ne5 13. g4 Nc4 14. Bxc4 Rxc4 15. h4 Rc8 16. h5 Bc6 17. g5 Nd7 18. f4 Nc5 19. Nxc6 Rxc6 20. Bd4 e5 21. Bxc5 Rxc5 22. Nd5 exf4 23. Nxe7 Qxe7 24. Qxf4 Qxg5 25. Qxg5 Rxg5 26. Rxd6 O-O 27. Rxa6 Re8 28. h6 Rg6 29. Rxg6 fxg6 30. hxg7 Rxe4 31. Kd2 Kxg7 32. Kd3 Re8 33. c4 Rd8+ 34. Kc3 Rc8 35. b3 g5 36. Kb4 bxc4 37. bxc4 Kg6 38. c5 h5 39. Kb5 g4 40. c6 Kg5 41. Kb6 h4 42. Kb7 Rh8 43. c7 g3 44. c8=Q Rxc8 45. Kxc8 Kg4 46. a4 h3 47. a5 g2 48. Rg1 Kg3 49. a6 h2 50. Rxg2+ 1/2-1/2

[Event "CYCC U14"]
[Site "Richmond Hill CAN"]
[Date "2011.07.06"]
[Round "2"]
[White "Baki, Shaumik"]
[Black "Robichaud, Nicolas"]
[Result "1/2-1/2"]
[WhiteElo "1532"]
[BlackElo "1411"]
[PlyCount "62"]
[GameId "2160767909703962"]
[EventDate "2011.07.06"]
[EventType "swiss"]
[EventRounds "7"]
[EventCountry "CAN"]
[SourceTitle "EXT 2022"]
[Source "ChessBase"]
[SourceDate "2021.10.06"]
[SourceVersion "1"]
[SourceVersionDate "2021.10.06"]
[SourceQuality "1"]

1. e4 c5 2. Nf3 e6 3. d4 cxd4 4. Nxd4 Nf6 5. Nc3 Nc6 6. Be3 a6 7. Be2 Bb4 8. Bd3 d5 9. exd5 Nxd5 10. Nde2 Nxe3 11. fxe3 Qg5 12. Nf4 e5 13. Nfd5 Bxc3+ 14. bxc3 O-O 15. O-O Rd8 16. Qf3 Be6 17. Nc7 Rac8 18. Nxe6 fxe6 19. Qf7+ Kh8 20. Rf3 e4 21. Rg3 Qf6 22. Qxf6 gxf6 23. Bxe4 f5 24. Bd3 Ne5 25. e4 Nxd3 26. cxd3 Rxc3 27. exf5 exf5 28. Re1 Rc2 29. Re7 Rxa2 30. Rxb7 Rg8 31. Rxg8+ Kxg8 1/2-1/2

[Event "CYCC U14"]
[Site "Richmond Hill CAN"]
[Date "2011.07.06"]
[Round "2"]
[White "Bao, Tony Bohan"]
[Black "Lin, Tony"]
[Result "0-1"]
[WhiteElo "1422"]
[BlackElo "2028"]
[PlyCount "102"]
[GameId "2160767909703963"]
[EventDate "2011.07.06"]
[EventType "swiss"]
[EventRounds "7"]
[EventCountry "CAN"]
[SourceTitle "EXT 2022"]
[Source "ChessBase"]
[SourceDate "2021.10.06"]
[SourceVersion "1"]
[SourceVersionDate "2021.10.06"]
[SourceQuality "1"]

1. d4 Nf6 2. Bf4 d5 3. e3 c5 4. c3 Nc6 5. Bd3 e6 6. Nf3 Qb6 7. Qc2 Bd7 8. Nbd2 Rc8 9. O-O Be7 10. Rab1 cxd4 11. exd4 Nb4 12. cxb4 Rxc2 13. Bxc2 Bxb4 14. Nb3 Bb5 15. Rfc1 O-O 16. Ne5 Nd7 17. Nd3 Bxd3 18. Bxd3 Bd6 19. Be3 a6 20. Rc2 Qd8 21. Rbc1 f6 22. Nc5 Bxc5 23. dxc5 Ne5 24. Be2 Nc6 25. b4 Qe7 26. b5 axb5 27. Bxb5 Rd8 28. a4 d4 29. Bd2 Qc7 30. a5 Nxa5 31. Bxa5 Qxa5 32. Bc4 Kf7 33. Rd1 Rc8 34. Rdc1 Ke7 35. Bd3 f5 36. g4 g6 37. Kg2 Kf6 38. h3 e5 39. f3 Qa3 40. Bf1 e4 41. fxe4 fxe4 42. Rf2+ Ke5 43. Rb1 e3 44. Re2 Rxc5 45. Rxb7 Qa8 46. Reb2 Rc2+ 47. Kg3 Rxb2 48. Rxb2 Qa1 49. Rb5+ Kd6 50. Be2 Qe1+ 51. Kf3 Qf2+ 0-1

[Event "CYCC U14"]
[Site "Richmond Hill CAN"]
[Date "2011.07.06"]
[Round "2"]
[White "Fu, James"]
[Black "Yu, Patrick"]
[Result "1-0"]
[WhiteElo "2028"]
[BlackElo "1796"]
[PlyCount "47"]
[GameId "2160767909703964"]
[EventDate "2011.07.06"]
[EventType "swiss"]
[EventRounds "7"]
[EventCountry "CAN"]
[SourceTitle "EXT 2022"]
[Source "ChessBase"]
[SourceDate "2021.10.06"]
[SourceVersion "1"]
[SourceVersionDate "2021.10.06"]
[SourceQuality "1"]

1. e4 c5 2. Nc3 d6 3. g3 Nf6 4. Bg2 e5 5. Nge2 Be7 6. O-O O-O 7. d3 Nc6 8. h3 Be6 9. f4 Nd4 10. Kh2 Bd7 11. a4 a6 12. Nd5 Nxd5 13. exd5 Bf6 14. Nc3 b5 15. a5 b4 16. Ne4 Nb5 17. f5 Rc8 18. g4 h6 19. Bd2 Qe7 20. Qc1 Kh7 21. Nxf6+ gxf6 22. Bxh6 Rg8 23. Be4 Kh8 24. Qe1 1-0

[Event "CYCC U14"]
[Site "Richmond Hill CAN"]
[Date "2011.07.06"]
[Round "2"]
[White "Lai, Peter"]
[Black "Nasir, Zehn"]
[Result "1/2-1/2"]
[WhiteElo "2006"]
[BlackElo "1686"]
[PlyCount "80"]
[GameId "2160767909703965"]
[EventDate "2011.07.06"]
[EventType "swiss"]
[EventRounds "7"]
[EventCountry "CAN"]

1. d4 Nf6 2. c4 e5 3. d5 Bb4+ 4. Bd2 Bxd2+ 5. Nxd2 d6 6. e4 Bg4 7. Be2 Bxe2 8. Nxe2 Nbd7 9. O-O O-O 10. Ng3 Re8 11. Qc2 Nf8 12. Nf5 Ng6 13. g3 Ne7 14. Ne3 Ng6 15. Rae1 Qd7 16. Kg2 Ng4 17. h3 Nf6 18. Qd1 a5 19. Nf5 Ne7 20. Nxe7+ Rxe7 21. Re3 h6 22. Rfe1 Nh7 23. f4 exf4 24. gxf4 f6 25. Kh2 Rae8 26. f5 Ng5 27. h4 Nf7 28. Nf3 Ne5 29. Nxe5 Rxe5 30. Qe2 b6 31. b3 Kh8 32. Rg1 R8e7 33. Re1 Qe8 34. Qf3 Kg8 35. h5 Kh8 36. Qg4 Kh7 37. Rg3 Qd7 38. Re2 Kh8 39. Kg2 Kh7 40. Kf3 b5 1/2-1/2

[Event "CYCC U14"]
[Site "Richmond Hill CAN"]
[Date "2011.07.06"]
[Round "2"]
[White "Lee, Jeffrey"]
[Black "Thanabalachandran, Kajan"]
[Result "0-1"]
[WhiteElo "1300"]
[BlackElo "1509"]
[PlyCount "145"]
[GameId "2160767909703966"]
[EventDate "2011.07.06"]
[EventType "swiss"]
[EventRounds "7"]
[EventCountry "CAN"]
[SourceTitle "EXT 2022"]
[Source "ChessBase"]
[SourceDate "2021.10.06"]
[SourceVersion "1"]
[SourceVersionDate "2021.10.06"]
[SourceQuality "1"]

1. e4 d5 2. exd5 Qxd5 3. Nc3 Qd6 4. Bc4 Nf6 5. d4 c6 6. Nf3 e6 7. O-O Be7 8. Re1 O-O 9. Be3 Nbd7 10. Qd2 Nb6 11. Bb3 Qc7 12. Rad1 Bd6 13. h3 Bb4 14. a3 Ne4 15. Qd3 Nxc3 16. Ng5 g6 17. bxc3 Bxa3 18. c4 Be7 19. c5 Nd5 20. Ne4 Nf6 21. Bh6 Re8 22. Nxf6+ Bxf6 23. Qf3 Bg7 24. Bf4 Qd7 25. Qe4 Qd8 26. c3 Qf6 27. Be5 Qf5 28. Bxg7 Qxe4 29. Rxe4 Kxg7 30. d5 cxd5 31. Bxd5 Rb8 32. Rb1 Rd8 33. Bc4 Bd7 34. Rd4 Bc6 35. Rbd1 Rdc8 36. Ra1 a6 37. Rb1 e5 38. Rd6 Rd8 39. Bxa6 Bxg2 40. Bxb7 Bxh3 41. Rxd8 Rxd8 42. c6 Kf8 43. c7 Re8 44. Ba6 Ke7 45. Rb8 f6 46. c8=Q Bxc8 47. Rxc8 Rxc8 48. Bxc8 g5 49. Bf5 h5 50. Bg6 h4 51. Bf5 Kd6 52. Kf1 Kd5 53. Ke2 e4 54. f3 exf3+ 55. Kxf3 Kc4 56. Ke4 Kxc3 57. Kd5 Kd2 58. Ke6 Ke3 59. Kxf6 Kf4 60. Kg6 g4 61. Bc8 h3 62. Kh5 Kg3 63. Bb7 h2 64. Kg5 Kh3 65. Kf4 g3 66. Bc8+ Kg2 67. Bd7 Kf2 68. Bc6 g2 69. Kg4 g1=Q+ 70. Kf4 Qc1+ 71. Ke5 Qxc6 72. Kd4 h1=Q 73. Kd3 0-1

[Event "CYCC U14"]
[Site "Richmond Hill CAN"]
[Date "2011.07.06"]
[Round "2"]
[White "Posaratnanathan, Juliaan"]
[Black "O'Neil, Michael"]
[Result "1-0"]
[WhiteElo "1915"]
[BlackElo "1325"]
[PlyCount "137"]
[GameId "2160767909703967"]
[EventDate "2011.07.06"]
[EventType "swiss"]
[EventRounds "7"]
[EventCountry "CAN"]
[SourceTitle "EXT 2022"]
[Source "ChessBase"]
[SourceDate "2021.10.06"]
[SourceVersion "1"]
[SourceVersionDate "2021.10.06"]
[SourceQuality "1"]

1. e4 e6 2. d4 d5 3. Bd3 dxe4 4. Bxe4 Nf6 5. Bf3 Be7 6. Ne2 O-O 7. O-O Nc6 8. c4 Re8 9. Nbc3 Qd7 10. Be3 a6 11. Qc2 Rb8 12. a3 b5 13. cxb5 axb5 14. Nxb5 Nd5 15. Nbc3 Nxe3 16. fxe3 Bg5 17. Qd2 Ba6 18. Rfd1 Na5 19. Qc2 Bxe3+ 20. Kh1 Nb3 21. Rab1 Bxe2 22. Nxe2 Red8 23. Rd3 Nd2 24. Rd1 Nxf3 25. Rxe3 Nh4 26. b4 Nf5 27. Red3 Qe8 28. Qxc7 Rd7 29. Qc2 Qd8 30. Qb3 Rdb7 31. d5 exd5 32. Qxd5 Qxd5 33. Rxd5 g6 34. R5d3 Ra8 35. h3 Rba7 36. Rd8+ Rxd8 37. Rxd8+ Kg7 38. Rd3 Ne7 39. Rb3 Nc8 40. Nc3 Nd6 41. b5 Nxb5 42. Nxb5 Rb7 43. Nd4 Rxb3 44. Nxb3 Kf8 45. a4 Ke8 46. a5 Kd8 47. a6 Kc7 48. Nc5 Kb6 49. Kh2 g5 50. g4 Ka7 51. Kg3 Kb6 52. Kf3 Ka7 53. Ke4 h6 54. Kf5 Kb6 55. Kf6 Ka7 56. Kxf7 Kb6 57. Kg6 Ka7 58. Kxh6 Kb6 59. Kxg5 Ka7 60. h4 Kb6 61. h5 Ka7 62. h6 Kb6 63. h7 Ka7 64. h8=Q Kb6 65. Qb8+ Kc6 66. Qb7+ Kxc5 67. a7 Kd4 68. a8=Q Ke5 69. Qd5# 1-0

[Event "CYCC U14"]
[Site "Richmond Hill CAN"]
[Date "2011.07.06"]
[Round "2"]
[White "Yang, Yimang"]
[Black "Tismenko, Dennis"]
[Result "1-0"]
[WhiteElo "1706"]
[BlackElo "1495"]
[PlyCount "42"]
[GameId "2160767909703969"]
[EventDate "2011.07.06"]
[EventType "swiss"]
[EventRounds "7"]
[EventCountry "CAN"]
[SourceTitle "EXT 2022"]
[Source "ChessBase"]
[SourceDate "2021.10.06"]
[SourceVersion "1"]
[SourceVersionDate "2021.10.06"]
[SourceQuality "1"]

1. b4 e5 2. Bb2 Bxb4 3. Bxe5 Nf6 4. c4 Nc6 5. Bb2 O-O 6. e3 d6 7. Nf3 Be6 8. Be2 Ng4 9. O-O Nge5 10. d3 Nxf3+ 11. Bxf3 d5 12. cxd5 Bxd5 13. Bxd5 Qxd5 14. d4 Qg5 15. Qb3 b6 16. Rc1 Qh6 17. Qc4 Bd6 18. Qxc6 Qxh2+ 19. Kf1 Qh1+ 20. Ke2 Qh5+ 21. Kd2 Bb4+ 1-0

[Event "CYCC U14"]
[Site "Richmond Hill CAN"]
[Date "2011.07.06"]
[Round "3"]
[White "Kalra, Agastya"]
[Black "Fu, James"]
[Result "0-1"]
[WhiteElo "1924"]
[BlackElo "2028"]
[PlyCount "80"]
[GameId "2160767909703970"]
[EventDate "2011.07.06"]
[EventType "swiss"]
[EventRounds "7"]
[EventCountry "CAN"]
[SourceTitle "EXT 2022"]
[Source "ChessBase"]
[SourceDate "2021.10.06"]
[SourceVersion "1"]
[SourceVersionDate "2021.10.06"]
[SourceQuality "1"]

1. e4 Nc6 2. Nf3 e5 3. d4 exd4 4. Nxd4 Be7 5. Nxc6 bxc6 6. Nc3 Bf6 7. Bd3 Ne7 8. O-O Ng6 9. f4 d6 10. Qf3 O-O 11. Qh5 Bd7 12. Rf3 Bd4+ 13. Be3 Bxe3+ 14. Rxe3 Nxf4 15. Qf3 Qg5 16. Qg3 Qe5 17. Rf1 Ng6 18. Bc4 Qxg3 19. Rxg3 Ne5 20. Bb3 g6 21. Ne2 c5 22. c4 Bc6 23. Nc3 a5 24. Nd5 Bxd5 25. cxd5 Rab8 26. Rb1 Rb4 27. Bc2 Rfb8 28. b3 Rd4 29. Rc3 Re8 30. Rd1 Rxd1+ 31. Bxd1 Nd7 32. Bc2 Kg7 33. Kf2 h5 34. Bd3 Kf8 35. Bb5 Nf6 36. Bxe8 Nxe4+ 37. Ke3 Nxc3 38. Bd7 Nxd5+ 39. Kf3 Ke7 40. Bc6 Nb4 0-1

[Event "CYCC U14"]
[Site "Richmond Hill CAN"]
[Date "2011.07.06"]
[Round "3"]
[White "Lin, Tony (Juntao)"]
[Black "Yang, Bryant"]
[Result "1-0"]
[WhiteElo "2028"]
[BlackElo "1594"]
[PlyCount "51"]
[GameId "2160767909703971"]
[EventDate "2011.07.06"]
[EventType "swiss"]
[EventRounds "7"]
[EventCountry "CAN"]

1. e4 e5 2. Nf3 Nc6 3. Bb5 a6 4. Bxc6 dxc6 5. O-O Bg4 6. h3 h5 7. d3 Qf6 8. Be3 Bxf3 9. Qxf3 Qxf3 10. gxf3 Bd6 11. Nd2 Ne7 12. Nc4 Ng6 13. Kh1 f6 14. Rg1 Kf7 15. c3 c5 16. Rad1 b6 17. Bc1 Nf4 18. Bxf4 exf4 19. d4 g5 20. Nxd6+ cxd6 21. dxc5 dxc5 22. Rd7+ Ke6 23. Rgd1 Rab8 24. R1d6+ Ke5 25. Rc6 Rbd8 26. Re7# 1-0

[Event "CYCC U14"]
[Site "Richmond Hill CAN"]
[Date "2011.07.06"]
[Round "3"]
[White "Nasir, Zehn"]
[Black "Posaratnanathan, Juliaan"]
[Result "0-1"]
[WhiteElo "1686"]
[BlackElo "1915"]
[PlyCount "83"]
[GameId "2160767909703972"]
[EventDate "2011.07.06"]
[EventType "swiss"]
[EventRounds "7"]
[EventCountry "CAN"]
[SourceTitle "EXT 2022"]
[Source "ChessBase"]
[SourceDate "2021.10.06"]
[SourceVersion "1"]
[SourceVersionDate "2021.10.06"]
[SourceQuality "1"]

1. d4 Nf6 2. Nc3 d5 3. e4 dxe4 4. f3 e3 5. Bxe3 Bf5 6. Bd3 Bg6 7. Nge2 e6 8. a3 a5 9. Ng3 Be7 10. Nge4 Nbd7 11. Qd2 O-O 12. Nxf6+ Nxf6 13. Bxg6 hxg6 14. h4 Nd5 15. Bf2 Nxc3 16. Qxc3 b5 17. Qe3 Qd5 18. Qe4 Qxe4+ 19. fxe4 Rfd8 20. a4 b4 21. Rd1 Rd7 22. Rh3 Rad8 23. Rhd3 f5 24. e5 g5 25. g3 Kf7 26. Ke2 c6 27. b3 Rd5 28. Kf3 Kg6 29. Rg1 g4+ 30. Ke2 c5 31. Rgd1 cxd4 32. Bxd4 R8d7 33. Bb2 Rxd3 34. Rxd3 Rxd3 35. Kxd3 f4 36. gxf4 Kf5 37. Ke3 Bc5+ 38. Ke2 Kxf4 39. Kf1 Kf3 40. Bc1 g3 41. c3 g2+ 42. Ke1 0-1

[Event "CYCC U14"]
[Site "Richmond Hill CAN"]
[Date "2011.07.06"]
[Round "3"]
[White "O'Neil, Michael"]
[Black "Baki, Shaumik"]
[Result "1-0"]
[WhiteElo "1325"]
[BlackElo "1532"]
[PlyCount "113"]
[GameId "2160767909703973"]
[EventDate "2011.07.06"]
[EventType "swiss"]
[EventRounds "7"]
[EventCountry "CAN"]
[SourceTitle "EXT 2022"]
[Source "ChessBase"]
[SourceDate "2021.10.06"]
[SourceVersion "1"]
[SourceVersionDate "2021.10.06"]
[SourceQuality "1"]

1. e4 c5 2. Nf3 e6 3. d4 cxd4 4. Nxd4 a6 5. Be3 Nf6 6. f3 Qc7 7. Nc3 Bb4 8. Qd2 d5 9. exd5 Nxd5 10. Nde2 Nxe3 11. Qxe3 Bc5 12. Qd2 b5 13. Ne4 Be7 14. Qc3 Qxc3+ 15. N2xc3 O-O 16. O-O-O Bb7 17. Bd3 Nc6 18. Nb1 Nb4 19. Nec3 Bg5+ 20. Nd2 Nxd3+ 21. cxd3 Rfd8 22. Kc2 Rac8 23. b4 Bf6 24. Ndb1 Rxc3+ 25. Nxc3 Rc8 26. d4 Rc4 27. a3 Bxd4 28. Rd3 Bf6 29. Rhd1 Bd5 30. Kd2 Bxc3+ 31. Rxc3 Kf8 32. Rxc4 Bxc4 33. Kc3 Bd5 34. Kd4 Ke7 35. Kc5 Bb7 36. Rd6 f6 37. Rb6 Bc8 38. Rb8 Kd7 39. Kb6 e5 40. Ra8 Kd8 41. Ra7 f5 42. Rxg7 e4 43. fxe4 fxe4 44. Rg3 Ke7 45. Re3 Kf6 46. Rxe4 Kf7 47. Re2 Kf8 48. Rc2 Bd7 49. Rc7 Ke8 50. Kxa6 Kd8 51. Kb6 h6 52. Rc5 Ke7 53. Rh5 Kd8 54. Rxh6 Be8 55. Rh8 Ke7 56. Rxe8+ Kxe8 57. Kxb5 1-0

[Event "CYCC U14"]
[Site "Richmond Hill CAN"]
[Date "2011.07.06"]
[Round "3"]
[White "Tismenko, Dennis"]
[Black "Robichaud, Nicolas"]
[Result "1-0"]
[WhiteElo "1495"]
[BlackElo "1411"]
[PlyCount "102"]
[GameId "2160767909703975"]
[EventDate "2011.07.06"]
[EventType "swiss"]
[EventRounds "7"]
[EventCountry "CAN"]
[SourceTitle "EXT 2022"]
[Source "ChessBase"]
[SourceDate "2021.10.06"]
[SourceVersion "1"]
[SourceVersionDate "2021.10.06"]
[SourceQuality "1"]

1. e4 c5 2. Nf3 e6 3. d4 cxd4 4. Nxd4 Nf6 5. Nc3 Nc6 6. Be3 Bb4 7. Qd3 d5 8. a3 Bxc3+ 9. Qxc3 Nxd4 10. Qxd4 O-O 11. exd5 Nxd5 12. O-O-O Bd7 13. h4 Nxe3 14. Qxe3 Qc7 15. g4 Ba4 16. Qe4 Bc6 17. Qc4 b5 18. Qc5 Qf4+ 19. Kb1 Bxh1 20. Bxb5 Be4 21. Qd4 e5 22. Qa4 Rac8 23. Rc1 Bd5 24. Qxf4 exf4 25. Bd3 Rcd8 26. Bf5 Be6 27. Bxe6 fxe6 28. g5 Rd2 29. Rf1 Rfd8 30. Kc1 Kf7 31. h5 R2d5 32. Rg1 g6 33. c4 Rc5 34. b3 gxh5 35. f3 Kg6 36. Re1 Re8 37. Re4 Kxg5 38. Rd4 e5 39. Rd7 Re6 40. Rxh7 Rh6 41. Rxa7 h4 42. Rg7+ Kf6 43. Rg2 h3 44. Rh2 Kf5 45. Kd2 e4 46. fxe4+ Kxe4 47. Ke2 Rc8 48. a4 Rg8 49. c5 f3+ 50. Kf2 Rg2+ 51. Rxg2 hxg2 1-0

[Event "CYCC U14"]
[Site "Richmond Hill CAN"]
[Date "2011.07.06"]
[Round "3"]
[White "Yang, Yimang"]
[Black "Lai, Peter"]
[Result "1-0"]
[WhiteElo "1706"]
[BlackElo "2006"]
[PlyCount "99"]
[GameId "2160767909703976"]
[EventDate "2011.07.06"]
[EventType "swiss"]
[EventRounds "7"]
[EventCountry "CAN"]

1. b4 Nf6 2. Bb2 e6 3. b5 d5 4. e3 Bd6 5. Nf3 Nbd7 6. Be2 O-O 7. O-O Re8 8. d4 e5 9. c4 e4 10. Nfd2 c6 11. a4 Nf8 12. Nc3 a6 13. bxa6 bxa6 14. Ba3 Ng6 15. Bxd6 Qxd6 16. c5 Qc7 17. a5 Bb7 18. Nb3 Nd7 19. Na4 f5 20. Nb6 Rad8 21. g3 Nf6 22. Nc1 Nf8 23. Na2 N8d7 24. Nb4 Nb8 25. Kh1 Re7 26. Rg1 Rf8 27. Qf1 Qd8 28. Nxa6 Bxa6 29. Bxa6 Ra7 30. Be2 Ne8 31. Qd1 Nc7 32. Qa4 Rf6 33. Rgb1 Nba6 34. Rb2 g5 35. Qb3 Kg7 36. Na4 Ra8 37. Qc3 Rf7 38. Rb6 Qe8 39. Rab1 Re7 40. Qa3 Ra7 41. Nc3 h6 42. Na2 Qa8 43. Nc3 Qe8 44. Bxa6 Nxa6 45. Qa4 Re6 46. Rb7+ Rxb7 47. Rxb7+ Kf6 48. Qb3 Re7 49. Rxe7 Qxe7 50. Qb6 1-0

[Event "CYCC U14"]
[Site "Richmond Hill CAN"]
[Date "2011.07.07"]
[Round "4"]
[White "Fu, James"]
[Black "Posaratnanathan, Juliaan"]
[Result "1-0"]
[WhiteElo "2028"]
[BlackElo "1915"]
[PlyCount "95"]
[GameId "2160767909703977"]
[EventDate "2011.07.06"]
[EventType "swiss"]
[EventRounds "7"]
[EventCountry "CAN"]
[SourceTitle "EXT 2022"]
[Source "ChessBase"]
[SourceDate "2021.10.06"]
[SourceVersion "1"]
[SourceVersionDate "2021.10.06"]
[SourceQuality "1"]

1. e4 c5 2. Nc3 Nc6 3. g3 g6 4. Bg2 Bg7 5. Nge2 Rb8 6. O-O b5 7. d3 d6 8. Qe1 b4 9. Nd1 e6 10. a3 a5 11. f4 Nge7 12. Be3 Nd4 13. Nxd4 cxd4 14. Bd2 Qb6 15. axb4 axb4 16. Kh1 O-O 17. g4 e5 18. f5 f6 19. Nf2 Bd7 20. h4 Bc6 21. Rg1 d5 22. Kh2 dxe4 23. dxe4 Bd7 24. b3 Nc8 25. Nd3 Nd6 26. Nxb4 Qd8 27. Ra7 Nb5 28. Ra2 Ra8 29. Rxa8 Qxa8 30. Bf3 Bc6 31. Qe2 Nd6 32. Nxc6 Qxc6 33. Bb4 Rb8 34. Bxd6 Qxd6 35. Qc4+ Kh8 36. Ra1 Qd7 37. Ra5 Qd8 38. Rd5 Qc8 39. Rc5 Qg8 40. Qa6 Ra8 41. Qc6 Rf8 42. Be2 Bh6 43. b4 Bf4+ 44. Kg2 Qa2 45. Bd3 Qb1 46. Qd6 Rf7 47. Rc7 Rxc7 48. Qf8# 1-0

[Event "CYCC U14"]
[Site "Richmond Hill CAN"]
[Date "2011.07.07"]
[Round "4"]
[White "Huang, Jayson"]
[Black "O'Neil, Michael"]
[Result "1-0"]
[WhiteElo "1812"]
[BlackElo "1325"]
[PlyCount "137"]
[GameId "2160767909703978"]
[EventDate "2011.07.06"]
[EventType "swiss"]
[EventRounds "7"]
[EventCountry "CAN"]
[SourceTitle "EXT 2022"]
[Source "ChessBase"]
[SourceDate "2021.10.06"]
[SourceVersion "1"]
[SourceVersionDate "2021.10.06"]
[SourceQuality "1"]

1. e4 c5 2. Nf3 d6 3. d4 cxd4 4. Nxd4 Nf6 5. Nc3 a6 6. Be3 e5 7. Nb3 Be6 8. f3 Be7 9. Qd2 O-O 10. O-O-O Nc6 11. g4 b5 12. h4 Bxb3 13. axb3 Nb4 14. h5 Rc8 15. Bd3 Nxd3+ 16. Qxd3 b4 17. Nd5 Nxd5 18. Qxd5 Qc7 19. Rd2 Qc6 20. g5 Qxd5 21. Rxd5 Rc6 22. Rhd1 Rd8 23. f4 exf4 24. Bxf4 Rc5 25. Rxc5 dxc5 26. Rd5 Rxd5 27. exd5 Kf8 28. Kd2 Ke8 29. Kd3 Kd7 30. Ke4 Bd6 31. Be3 Be7 32. c4 Bf8 33. Kf5 Be7 34. Bf4 Bd8 35. g6 hxg6+ 36. hxg6 fxg6+ 37. Kxg6 Bf6 38. Bc1 Bd4 39. Kf5 Bf6 40. Ke4 Kd6 41. Bf4+ Kd7 42. Be5 Ke7 43. Kf5 Kf7 44. Bxf6 gxf6 45. d6 a5 46. d7 Ke7 47. d8=Q+ Kxd8 48. Kxf6 Kd7 49. Ke5 Kc6 50. Ke6 Kb6 51. Kd6 a4 52. bxa4 Ka5 53. b3 Kb6 54. Kd5 Kc7 55. Kxc5 Kb7 56. Kxb4 Kc6 57. Kc3 Kc5 58. b4+ Kb6 59. Kd4 Kc6 60. b5+ Kb6 61. c5+ Kc7 62. a5 Kb7 63. Kd5 Kc7 64. b6+ Kb7 65. c6+ Kb8 66. a6 Ka8 67. Kd6 Kb8 68. c7+ Kc8 69. b7# 1-0